| Registos Bibliográficos associados ao registo de autoridade |
|
Etiqueta de registo: 00000nkm 2200025 450 001 2276463 003 http://id.bnportugal.gov.pt/bib/catbnp/2276463 100 ## $a20260305d1991 m y0pory01030103ba 101 0# $apor 102 ## $aPT 200 1# $aAlimentação '91, 14ª Exposição Internacional de Alimentação, EXPONOR (Matosinhos)
Porto, 17 a 21 de abril$bVisual gráfico]$fAssociação Industrial Portuense$gdesign João Machado 210 #9 $a[Porto]$cAssociação Industrial Portuense,$d1991$e[Porto] :$gMARCA 215 ## $a1 cartaz$ccolor.$d68x48 cm 317 ## $aColeção Madeira Luís 702 #1 $aMachado,$bJoão$4410$31986993 710 01 $aExposição Internacional de Alimentação,$d14,$ePorto,$f1991$31993528 712 02 $aAssociação Industrial Portuense$3151 712 01 $aEXPONOR.$bDivisão de Feiras e Exposições$31989153 801 #0 $aPT$bBN$gRPC 966 ## $lBN$mICONOG$sCT. 23519 A.$x3 971 ## $cCaticonografia7$d20260305 995 ## $aPRR2026
|
|
|